000 00749nam a2200253Ia 4500
003 OSt
005 20220928104733.0
006 a|||||r|||| 00| 0
007 ta
008 220927b |||||||| |||| 00| 0 eng d
020 _c722.5
024 _a124954
037 _b132, 01/10/2014, Classic Book Service
_cTextual
040 _aSDCL
_cSDCL
_beng
041 _2eng
_aeng
082 _aX9(F555).2'P, Q3
100 _aTranum Sam
_9411766
245 0 _aPowerless
_b India's energy shortage and its impact
260 _aNew Delhi
_bSage
_c2013
300 _a300p.
_ccm.
650 _aPolitical Science
942 _hX9(F555).2'P, Q3
_cTEXL
_2CC
999 _c727474
_d727474